000 00802nam a2200217Ia 4500
003 OSt
005 20211117145150.0
008 210310s1996 ck ad fr 000 0 spa d
040 _aCO-JMCR
_cCO-JMCR
041 0 _aspa
082 0 4 _a338.92 /
_bF365e
_223
100 1 _aFernández Riva, Javier,
_917076
_eautor
245 1 3 _aLa encrucijada de la política económica :
_bdespués de la descertificación /
_cJavier Fernández Riva
260 _aBogotá :
_bAnif,
_c1996
300 _a21 páginas :
_bilustraciones y gráficas a blanco y negro ;
_c28 cm.
505 0 _aTasa de interés y crédito -- Perspectivas cambiarias
650 1 4 _aHistoria económica
_918355
_zColombia
650 2 4 _aPolítica económica
_zColombia
_941570
650 2 4 _aLa política fiscal
_zColombia
_911496
942 _2ddc
_cBK
999 _c8812
_d8812